Россия и Европа. 1462-1921: в 3 кн.
| Autore principale: | |
|---|---|
| Lingua: | russo |
| Pubblicazione: |
Москва., Новый Хронограф, 2007-2009
|
| Natura: | Libro |
| KOHA link: | https://koha.lib.tpu.ru/cgi-bin/koha/opac-detail.pl?biblionumber=175515 |
MARC
| LEADER | 00000nam1a2200000 4500 | ||
|---|---|---|---|
| 001 | 175515 | ||
| 005 | 20231031165117.0 | ||
| 035 | |a (RuTPU)RU\TPU\book\190304 | ||
| 090 | |a 175515 | ||
| 100 | |a 20100215d2008 k y0rusy50 ca | ||
| 101 | 0 | |a rus | |
| 102 | |a RU | ||
| 200 | 1 | |a Россия и Европа. 1462-1921 |e в 3 кн. |f А. Л. Янов | |
| 210 | |a Москва. |c Новый Хронограф |d 2007-2009 | ||
| 700 | 1 | |a Янов |b А. Л. |g Александр Львович | |
| 801 | 1 | |a RU |b 63413507 |c 20100215 | |
| 801 | 2 | |a RU |b 63413507 |c 20100215 |g RCR | |
| 942 | |c BK | ||